000
00311nam a2200133Ia 4500
003
OSt
005
20231207100135.0
008
170524s9999 xx 000 0 und d
020
_a
9788126526291
040
_c
IIMT UNIVERSITY, MEERUT
100
_a
WATSON K
245
0
_a
BEGINING VISUAL C # 2010
942
_2
ddc
_c
02
999
_c
8928
_d
8928